| 000 | 00000nam 2200000zi 4500 |
| 001 | 9.941043 |
| 003 | CaOODSP |
| 005 | 20250403102725 |
| 006 | m o d f |
| 007 | cr cn||||||||| |
| 008 | 240725t20102010oncbd obs f000 0 fre d |
| 040 | |aCaOODSP|bfre|erda|cCaOODSP |
| 043 | |an-cn--- |
| 086 | 1 |aCS85-002/30-2F-PDF |
| 100 | 1 |aRobinson, Paul, |eauteur. |
| 245 | 10|aExécution des ordonnances alimentaires selon le revenu du quartier dans sept régions métropolitaines de recensement déclarantes / |cpar Paul Robinson. |
| 246 | 17|aExécution des ordonnances alimentaires selon le revenu du quartier dans 7 RMR déclarates |
| 264 | 1|aOttawa : |bStatistique Canada = Statistics Canada, |c2010. |
| 264 | 4|c©2010 |
| 300 | |a1 ressource en ligne (31 pages) : |bcartes, graphiques. |
| 336 | |atexte|btxt|2rdacontent/fre |
| 337 | |ainformatique|bc|2rdamedia/fre |
| 338 | |aressource en ligne|bcr|2rdacarrier/fre |
| 490 | 1 |aJuristat, |x1205-8882 ; |vVol. 30, no. 1 |
| 500 | |a« Printemps 2010. » |
| 500 | |aPublié aussi en anglais sous le titre : Maintenance enforcement by neighbourhood income in seven reporting census metropolitan areas. |
| 504 | |aComprend des références bibliographiques (page 29). |
| 520 | |a« Environ 5 % des enfants des sept régions métropolitaines de recensement (RMR) déclarant des données à l'Enquête sur les personnes d'exécution des ordonnances alimentaires (Halifax, Moncton, Saint John, Regina, Saskatoon, Calgary et Edmonton) étaient inscrits à un programme d'exécution des ordonnances alimentaires (PEOA) le 1er juillet 2008 » -- Page 5. |
| 650 | 6|aObligation alimentaire|zCanada|vStatistiques. |
| 650 | 6|aAbandon de famille|zCanada|vStatistiques. |
| 655 | 7|aStatistiques|2rvmgf |
| 710 | 2 |aStatistique Canada, |eorganisme de publication. |
| 775 | 08|tMaintenance enforcement by neighbourhood income in seven reporting census metropolitan areas / |w(CaOODSP)9.941040 |
| 830 | #0|aJuristat,|x1205-8882 ; |vVol. 30, no. 1.|w(CaOODSP)9.936877 |
| 856 | 40|qPDF|s749 Ko|uhttps://publications.gc.ca/collections/collection_2024/statcan/85-002-x/CS85-002-30-2-fra.pdf |
| 856 | 4 |qHTML|sS.O.|uhttps://www150.statcan.gc.ca/n1/pub/85-002-x/2010001/article/11116-fra.htm |
| 986 | |a85-002-X |